[Event "Landesliga Sued 1617"]
[Site "Bayern"]
[Date "2017.02.19"]
[Round "6.7"]
[White "Hartl, Rainer"]
[Black "Reinhard, Chetan"]
[Result "0-1"]
[WhiteElo "1943"]
[BlackElo "2100"]
[PlyCount "80"]
[EventDate "2016.10.16"]
[EventType "team-tourn"]
[EventRounds "9"]
[EventCountry "GER"]
[SourceTitle "EXT 2019"]
[Source "ChessBase"]
[SourceDate "2018.10.10"]
[SourceVersion "1"]
[SourceVersionDate "2018.10.10"]
[SourceQuality "1"]
[WhiteTeam "Rottal"]
[BlackTeam "Muenchen Tarrasch"]
[WhiteTeamCountry "GER"]
[BlackTeamCountry "GER"]

1. e4 e5 2. Nc3 Nf6 3. f4 d5 4. exd5 exf4 5. Bb5+ Bd7 6. Bxd7+ Nbxd7 7. d3 Bb4 8. Qe2+ Kf8 9. Bd2 Bxc3 10. Bxc3 Nxd5 11. 0-0-0 Nxc3 12. bxc3 Nb6 13. Nh3 Qd6 14. Rde1 Qa3+ 15. Kd2 Nc4+ 16. Kd1 Ne3+ 17. Kd2 Qb2 18. Rc1 Nc4+ 19. Kd1 Qxc3 20. Rb1 Re8 21. Qf2 Nb2+ 22. Rxb2 Qxb2 23. Rf1 f6 24. Qc5+ Re7 25. Kd2 b6 26. Qd5 g5 27. d4 Qb4+ 28. Kc1 Re1+ 29. Rxe1 Qxe1+ 30. Kb2 Qb4+ 31. Kc1 Qe7 32. Kd1 Kg7 33. Nf2 Re8 34. Nd3 Qe3 35. Qc6 Re7 36. d5 Qg1+ 37. Kd2 Qxg2+ 38. Kc3 Qxh2 39. d6 cxd6 40. Qxd6 Qe2 0-1

[Event "Landesliga Sued 1516"]
[Site "Bayern"]
[Date "2016.01.31"]
[Round "6.7"]
[White "Sperr, Johannes"]
[Black "Reinhard, Chetan"]
[Result "1/2-1/2"]
[WhiteElo "2019"]
[BlackElo "2096"]
[PlyCount "63"]
[EventDate "2015.10.11"]
[EventType "team-tourn"]
[EventRounds "9"]
[EventCountry "GER"]
[SourceTitle "EXT 2018"]
[Source "ChessBase"]
[SourceDate "2017.10.13"]
[SourceVersion "1"]
[SourceVersionDate "2017.10.13"]
[SourceQuality "1"]
[WhiteTeam "Dillingen"]
[BlackTeam "Muenchen Tarrasch"]
[WhiteTeamCountry "GER"]
[BlackTeamCountry "GER"]

1. c4 g6 2. Nc3 Bg7 3. d4 c5 4. e3 Nf6 5. Nf3 0-0 6. Be2 d5 7. 0-0 cxd4 8. Nxd4 dxc4 9. Bxc4 e5 10. Ndb5 Nc6 11. Qxd8 Rxd8 12. e4 Bd7 13. Nd6 Be6 14. Bxe6 Rxd6 15. Bb3 h6 16. f3 Nd4 17. Be3 Nxb3 18. axb3 a6 19. Rfd1 Rad8 20. Kf2 Rxd1 21. Rxd1 Rxd1 22. Nxd1 Kf8 23. Bc5+ Ke8 24. Nc3 Kd7 25. Ke2 Kc6 26. Be3 Nd7 27. Kd3 Bf8 28. Nd5 Nc5+ 29. Kc2 Nd7 30. Kd3 Nc5+ 31. Kc2 Nd7 32. Kd3 1/2-1/2

[Event "Landesliga Sued 1516"]
[Site "Bayern"]
[Date "2015.10.25"]
[Round "2.7"]
[White "Dost, Andreas"]
[Black "Reinhard, Chetan"]
[Result "0-1"]
[WhiteElo "1978"]
[BlackElo "2096"]
[PlyCount "84"]
[EventDate "2015.10.11"]
[EventType "team-tourn"]
[EventRounds "9"]
[EventCountry "GER"]
[SourceTitle "EXT 2018"]
[Source "ChessBase"]
[SourceDate "2017.10.13"]
[SourceVersion "1"]
[SourceVersionDate "2017.10.13"]
[SourceQuality "1"]
[WhiteTeam "Freising"]
[BlackTeam "Muenchen Tarrasch"]
[WhiteTeamCountry "GER"]
[BlackTeamCountry "GER"]

1. c4 c6 2. g3 Nf6 3. Nf3 g6 4. b3 Bg7 5. Bb2 0-0 6. Bg2 d5 7. 0-0 Bg4 8. d3 dxc4 9. bxc4 Qc7 10. Be5 Qd8 11. Nbd2 Nbd7 12. Bc3 Ne8 13. Qc2 Bxc3 14. Qxc3 Nef6 15. Rab1 Qc7 16. Rfe1 e5 17. Ng5 h6 18. Nge4 Nxe4 19. Nxe4 Bf5 20. Nd2 Be6 21. Rb2 Nc5 22. Rbb1 Qd6 23. Nf3 f6 24. Red1 Rfd8 25. Qc2 Kg7 26. d4 exd4 27. Rxd4 Qe7 28. Rbd1 Rd7 29. e3 Rad8 30. Nh4 Bf7 31. Bh3 Rxd4 32. exd4 Qe4 33. Qc3 Na4 34. Qb4 b5 35. cxb5 cxb5 36. Bg2 Qc2 37. Re1 Nc3 38. Qc5 Ne2+ 39. Kf1 Nxd4 40. Qxa7 g5 41. Nf3 Qd3+ 42. Kg1 Nxf3+ 0-1